00438nam a2200121Ia 450000500170000000800410001702000180005808200160007610000180009224501330011026000530024330000200029620260430133740.0260429s9999||||xx |||||||||||||| ||und|| a9781633692305 a658.45bBEE aBeer, Michael 0aFit to compete : bwhy honest conversations about your company's capabilities are the key to a winning strategy / cMichael Beer aBoston : bHarvard Business Review Press,c2020. axiv, 285 p.; hb